[Event "Tradewise Gibraltar Master 2015"]
[Site "Gibraltar ENG"]
[Date "2015.02.03"]
[Round "8.110"]
[White "Homer, Neil S"]
[Black "Jameson, David"]
[Result "0-1"]
[WhiteElo "1716"]
[BlackElo "2068"]
[PlyCount "58"]
[EventDate "2015.01.27"]
[EventType "swiss"]
[EventRounds "10"]
[EventCountry "ENG"]
[Source "lmi"]
[SourceDate "2015.01.27"]

1. Nf3 d5 2. d4 Nf6 3. c4 e6 4. Nc3 c6 5. e3 Nbd7 6. Bd3 dxc4 7. Bxc4 b5 8. Bd3
a6 9. O-O c5 10. dxc5 Bxc5 11. Ne4 Be7 12. Nxf6+ Bxf6 13. Be4 Ra7 14. Nd4 Qb6
15. Rb1 O-O 16. Qd3 h6 17. Qe2 Rc7 18. Rd1 Nc5 19. Bf3 Rd8 20. Qe1 Rcd7 21. b3
e5 22. Nc2 Nd3 23. Qf1 Qc5 24. Ne1 Nxe1 25. Qxe1 Rxd1 26. Bxd1 Bf5 27. e4 Bxe4
28. Be3 Qd5 29. f3 Bxb1 0-1

[Event "Tradewise Gibraltar Master 2015"]
[Site "Gibraltar ENG"]
[Date "2015.02.03"]
[Round "8.111"]
[White "Skutta, Bernd"]
[Black "Curado, Manuel Joao Ferro"]
[Result "1/2-1/2"]
[WhiteElo "2059"]
[BlackElo "1860"]
[PlyCount "86"]
[EventDate "2015.01.27"]
[EventType "swiss"]
[EventRounds "10"]
[EventCountry "ENG"]
[Source "lmi"]
[SourceDate "2015.01.27"]

1. d4 e6 2. Nf3 d5 3. c4 Nf6 4. g3 Be7 5. Bg2 O-O 6. O-O Nbd7 7. Qc2 dxc4 8.
Qxc4 c6 9. Nc3 Nb6 10. Qb3 Nbd5 11. Ne5 Qb6 12. Qc4 Bd7 13. a3 Rfd8 14. e4 Nxc3
15. bxc3 c5 16. Nxd7 Rxd7 17. Be3 cxd4 18. cxd4 Qa5 19. h3 h6 20. Rfb1 Rc7 21.
Qb5 Qxb5 22. Rxb5 Rc3 23. a4 Rb8 24. Bf4 Rd8 25. Rxb7 Ba3 26. Rxa7 Nh5 27. Bc7
Rc8 28. Bb6 Bb2 29. Rb1 Rc2 30. Bc5 e5 31. Rd7 Ra8 32. Ba7 Nxg3 33. dxe5 Ne2+
34. Kf1 Bxe5 35. Bb8 Nc3 36. Bxe5 Nxb1 37. Bf3 Nd2+ 38. Kg2 Nxf3 39. Kxf3 Rxa4
40. Rd8+ Kh7 41. Bf4 Rc3+ 42. Be3 Rcc4 43. Re8 f6 1/2-1/2

[Event "Tradewise Gibraltar Master 2015"]
[Site "Gibraltar ENG"]
[Date "2015.02.03"]
[Round "8.112"]
[White "Gravett, Alan D"]
[Black "Byrn, Carsten"]
[Result "1/2-1/2"]
[WhiteElo "1877"]
[BlackElo "2044"]
[PlyCount "59"]
[EventDate "2015.01.27"]
[EventType "swiss"]
[EventRounds "10"]
[EventCountry "ENG"]
[Source "lmi"]
[SourceDate "2015.01.27"]

1. Nf3 f5 2. g3 Nf6 3. Bg2 d6 4. d4 g6 5. c4 Bg7 6. d5 O-O 7. Nd4 Na6 8. Nc3
Qe8 9. Rb1 Bd7 10. b4 c6 11. O-O Nxb4 12. Rxb4 c5 13. Rxb7 cxd4 14. Nb5 Qc8 15.
Rxa7 Rxa7 16. Nxa7 Qxc4 17. Nc6 Bxc6 18. dxc6 d5 19. Ba3 Ne4 20. Bxe4 fxe4 21.
Qb3 Qxc6 22. Bxe7 Rc8 23. Ba3 Bh6 24. Rd1 Qc4 25. Qb6 Re8 26. Qxd4 Qxd4 27.
Rxd4 Ra8 28. Bb4 Rxa2 29. Rxd5 Rxe2 30. Rd8+ 1/2-1/2

[Event "Tradewise Gibraltar Master 2015"]
[Site "Gibraltar ENG"]
[Date "2015.02.03"]
[Round "8.113"]
[White "Kuenitz, Klaus"]
[Black "Henrichsen, Jens"]
[Result "0-1"]
[WhiteElo "1680"]
[BlackElo "2030"]
[PlyCount "66"]
[EventDate "2015.01.27"]
[EventType "swiss"]
[EventRounds "10"]
[EventCountry "ENG"]
[Source "lmi"]
[SourceDate "2015.01.27"]

1. d4 Nf6 2. c4 e6 3. Nf3 b6 4. Bg5 Be7 5. e3 Bb7 6. Be2 Ne4 7. Bxe7 Qxe7 8. a3
O-O 9. O-O d6 10. Nbd2 f5 11. Rc1 c5 12. b4 Nd7 13. Qb3 g5 14. Nxe4 Bxe4 15.
Nd2 Bb7 16. Bf3 Bxf3 17. Nxf3 g4 18. Nd2 Rf6 19. Qd1 Rh6 20. g3 Qf7 21. f3 cxd4
22. fxg4 Ne5 23. gxf5 dxe3 24. fxe6 Qxe6 25. Nf3 Rf8 26. Nd4 Rxf1+ 27. Qxf1 Qg4
28. Rd1 Rf6 29. Qe2 Qxe2 30. Nxe2 Rf2 31. Nd4 Rd2 32. Re1 Rxd4 33. Rxe3 Rxc4
0-1

[Event "Tradewise Gibraltar Master 2015"]
[Site "Gibraltar ENG"]
[Date "2015.02.03"]
[Round "8.114"]
[White "Henderson De La Fuente, Lance"]
[Black "Aure, Anders Nilsson"]
[Result "1-0"]
[WhiteElo "2014"]
[BlackElo "1688"]
[PlyCount "71"]
[EventDate "2015.01.27"]
[EventType "swiss"]
[EventRounds "10"]
[EventCountry "ENG"]
[Source "lmi"]
[SourceDate "2015.01.27"]

1. e4 c5 2. Nf3 d6 3. d4 cxd4 4. Nxd4 Nf6 5. Nc3 g6 6. g3 Nc6 7. Bg2 Bd7 8.
Nde2 Bg7 9. O-O O-O 10. h3 Rc8 11. Be3 a6 12. a4 Ne5 13. b3 Nc6 14. f4 Nh5 15.
Kh2 Nb4 16. g4 Nf6 17. Kh1 Qc7 18. a5 Nxg4 19. Bb6 Qb8 20. hxg4 Bxc3 21. Nxc3
Rxc3 22. Qd4 Rxc2 23. Qxb4 Bxg4 24. Qe1 h5 25. Qh4 f6 26. Rae1 Re2 27. Rxe2
Bxe2 28. Re1 Bg4 29. e5 dxe5 30. fxe5 Kg7 31. Bc5 Re8 32. Bxe7 fxe5 33. Qf6+
Kh6 34. Rxe5 Qc8 35. Qf4+ Kg7 36. Bf8+ 1-0

[Event "Tradewise Gibraltar Master 2015"]
[Site "Gibraltar ENG"]
[Date "2015.02.03"]
[Round "8.115"]
[White "Green, Per"]
[Black "Sajjadi, Kimiya"]
[Result "1-0"]
[WhiteElo "1996"]
[BlackElo "1634"]
[PlyCount "83"]
[EventDate "2015.01.27"]
[EventType "swiss"]
[EventRounds "10"]
[EventCountry "ENG"]
[Source "lmi"]
[SourceDate "2015.01.27"]

1. Nf3 d5 2. d4 Nf6 3. c4 dxc4 4. Nc3 a6 5. a4 Nc6 6. Bg5 Bf5 7. a5 b5 8. axb6
cxb6 9. d5 Na5 10. Nd4 Bd7 11. e4 h6 12. Bh4 g5 13. Bg3 e6 14. d6 Qb8 15. e5
Nd5 16. Nxd5 exd5 17. e6 Bxd6 18. exd7+ Kxd7 19. Qg4+ Ke8 20. Be2 Bb4+ 21. Kf1
Bd6 22. Qf5 Bxg3 23. hxg3 Qd6 24. Bf3 Kf8 25. Re1 Re8 26. Rxe8+ Kxe8 27. Bxd5
Qc7 28. Qf6 Rf8 29. Rxh6 c3 30. bxc3 Qxc3 31. Qe5+ Kd7 32. Rd6+ Kc8 33. Qf5+
Kb8 34. Rxb6+ Kc7 35. Ne2 Qd2 36. Rb1 f6 37. Bf3 Nb3 38. Qh7+ Kd6 39. Qa7 Nc1
40. Qxa6+ Ke5 41. Rxc1 Rh8 42. Rc5+ 1-0

[Event "Tradewise Gibraltar Master 2015"]
[Site "Gibraltar ENG"]
[Date "2015.02.03"]
[Round "8.117"]
[White "Godinho Marques, Pedro"]
[Black "Bohman, Leif"]
[Result "1/2-1/2"]
[WhiteElo "1950"]
[BlackElo "1803"]
[PlyCount "92"]
[EventDate "2015.01.27"]
[EventType "swiss"]
[EventRounds "10"]
[EventCountry "ENG"]
[Source "lmi"]
[SourceDate "2015.01.27"]

1. c4 e6 2. Nf3 Nf6 3. b3 d5 4. Bb2 c6 5. e3 Nbd7 6. Be2 Be7 7. O-O O-O 8. Qc2
Re8 9. d4 Ne4 10. Nbd2 f5 11. Ne1 Nxd2 12. Qxd2 Rf8 13. Nd3 Bd6 14. f4 Nf6 15.
Bf3 Bd7 16. Ne5 Be8 17. Qe2 Nd7 18. Kh1 Nxe5 19. dxe5 Be7 20. Rfd1 Bg6 21. Rac1
Qd7 22. Qd2 Rfd8 23. Qa5 b6 24. Qd2 Qe8 25. Qe2 Rac8 26. g3 h6 27. Kg2 Kh7 28.
h3 Bf7 29. g4 g6 30. Kg3 Qd7 31. h4 Qe8 32. g5 h5 33. Rc2 Rd7 34. Rdc1 Bc5 35.
cxd5 exd5 36. Qd3 Qe6 37. Qa6 Rdc7 38. Kf2 Qd7 39. Bd4 Be7 40. Be2 Be8 41. Bb2
Bc5 42. Qd3 Qe6 43. Qd2 Qe7 44. Ba6 Rd8 45. Be2 Bd7 46. Rd1 Be6 1/2-1/2

[Event "Tradewise Gibraltar Master 2015"]
[Site "Gibraltar ENG"]
[Date "2015.02.03"]
[Round "8.118"]
[White "Downey, Keith"]
[Black "Kristinsson, Magnus"]
[Result "1/2-1/2"]
[WhiteElo "1919"]
[BlackElo "1744"]
[PlyCount "74"]
[EventDate "2015.01.27"]
[EventType "swiss"]
[EventRounds "10"]
[EventCountry "ENG"]
[Source "lmi"]
[SourceDate "2015.01.27"]

1. Nf3 Nf6 2. c4 g6 3. g3 Bg7 4. Bg2 d5 5. cxd5 Nxd5 6. d4 O-O 7. O-O Nc6 8.
Nc3 e5 9. Nxd5 Qxd5 10. Nxe5 Qxd4 11. Nxc6 bxc6 12. Be3 Qxb2 13. Bxc6 Bh3 14.
Rb1 Qxa2 15. Bd5 Qa5 16. Bxa8 Bxf1 17. Bf3 Bh3 18. Rb7 a6 19. Bf4 c5 20. Bc7
Qc3 21. Rb3 Qf6 22. Ba5 c4 23. Rb7 c3 24. Rb3 Rc8 25. Bb7 c2 26. Qc1 Qa1 27.
Bd2 Rd8 28. Rd3 Rxd3 29. exd3 a5 30. Bc6 Bf5 31. Bb5 Be6 32. Qxa1 Bxa1 33. Ba4
c1=Q+ 34. Bxc1 Bc3 35. Kf1 f5 36. f4 Kf7 37. Ke2 Ba2 1/2-1/2

[Event "Tradewise Gibraltar Master 2015"]
[Site "Gibraltar ENG"]
[Date "2015.02.03"]
[Round "8.119"]
[White "Mahoney, Ian"]
[Black "Gouait, Raymond"]
[Result "1-0"]
[WhiteElo "1838"]
[BlackElo "1595"]
[PlyCount "117"]
[EventDate "2015.01.27"]
[EventType "swiss"]
[EventRounds "10"]
[EventCountry "ENG"]
[Source "lmi"]
[SourceDate "2015.01.27"]

1. d4 Nf6 2. c4 e6 3. Nf3 b6 4. a3 d5 5. Nc3 Bb7 6. cxd5 exd5 7. g3 c5 8. Bg2
Bd6 9. O-O O-O 10. Bg5 Nbd7 11. Rc1 a6 12. Re1 Re8 13. Qc2 h6 14. Bf4 Bxf4 15.
gxf4 Rc8 16. e3 c4 17. Ne5 b5 18. Qf5 Nf8 19. Bf3 Rc7 20. Qh3 Bc8 21. Qg2 Bb7
22. Kh1 Ne6 23. Rg1 Kh8 24. f5 Rg8 25. fxe6 fxe6 26. Qg6 Qe8 27. Ne2 Qxg6 28.
Rxg6 Bc8 29. Rcg1 a5 30. Nc3 b4 31. axb4 axb4 32. Nb5 Re7 33. Rxf6 gxf6 34.
Ng6+ Rxg6 35. Rxg6 Ba6 36. Nd6 c3 37. bxc3 bxc3 38. Rg1 c2 39. Rc1 Bd3 40. Nb5
Rb7 41. Na3 Rb1 42. Nxb1 cxb1=Q 43. Rxb1 Bxb1 44. Bg4 f5 45. Bh5 Kg7 46. Kg2
Kf6 47. Kg3 e5 48. Be8 f4+ 49. Kg4 Bg6 50. dxe5+ Kg7 51. Bxg6 Kxg6 52. Kxf4 Kf7
53. Kf5 Ke7 54. e6 h5 55. h4 Ke8 56. Kf6 Kf8 57. e7+ Ke8 58. f3 d4 59. exd4 1-0

[Event "Tradewise Gibraltar Master 2015"]
[Site "Gibraltar ENG"]
[Date "2015.02.03"]
[Round "8.120"]
[White "Bauer, Dieter"]
[Black "Beadle, John R"]
[Result "1/2-1/2"]
[WhiteElo "1728"]
[BlackElo "1694"]
[PlyCount "66"]
[EventDate "2015.01.27"]
[EventType "swiss"]
[EventRounds "10"]
[EventCountry "ENG"]
[Source "lmi"]
[SourceDate "2015.01.27"]

1. e4 c6 2. d4 d5 3. e5 Bf5 4. h4 h5 5. Bd3 Bxd3 6. cxd3 e6 7. Ne2 Qb6 8. Rh3
Ne7 9. Na3 Nf5 10. Nc2 Be7 11. g3 Nd7 12. Kf1 c5 13. dxc5 Bxc5 14. d4 Be7 15.
Qd3 Rc8 16. Nc3 f6 17. Nxd5 exd5 18. Qxf5 fxe5 19. dxe5 Rf8 20. Qxh5+ Kd8 21.
Qe2 Nxe5 22. Rh2 Nf3 23. Rg2 Qc5 24. Ne3 d4 25. Nd1 Qf5 26. Bf4 Qg4 27. Qd3 Bf6
28. Nc3 Qh3 29. Qxf3 Qh1+ 30. Ke2 Qxa1 31. Qd5+ Ke8 32. Qe6+ Kd8 33. Qd6+ Ke8
1/2-1/2

[Event "Tradewise Gibraltar Master 2015"]
[Site "Gibraltar ENG"]
[Date "2015.02.03"]
[Round "8.121"]
[White "Greibrokk, Ingrid Andrea"]
[Black "Magnusdottir, Veronika Steinun"]
[Result "1-0"]
[WhiteElo "1758"]
[BlackElo "1566"]
[PlyCount "73"]
[EventDate "2015.01.27"]
[EventType "swiss"]
[EventRounds "10"]
[EventCountry "ENG"]
[Source "lmi"]
[SourceDate "2015.01.27"]

1. e4 c5 2. Nf3 d6 3. d4 cxd4 4. Nxd4 Nf6 5. Nc3 a6 6. Be3 e5 7. Nb3 Be7 8. Be2
Be6 9. g4 d5 10. Nxd5 Nxd5 11. exd5 Bxd5 12. Rg1 Nc6 13. Qd2 Be4 14. O-O-O Nb4
15. Nc5 Bxc5 16. Bxc5 Nxc2 17. Bd3 Bxd3 18. Qxd3 Qxd3 19. Rxd3 Nd4 20. Bxd4
exd4 21. Re1+ Kf8 22. Rxd4 h5 23. Rd7 hxg4 24. Ree7 Rc8+ 25. Kd1 b5 26. Rxf7+
Ke8 27. Rde7+ Kd8 28. Rxg7 Rxh2 29. Ra7 Rh8 30. Rxa6 Rf8 31. Raa7 Rh8 32. Rxg4
Ke8 33. Rgg7 Kf8 34. Rgb7 Rh1+ 35. Ke2 Rh5 36. Ra5 Re5+ 37. Kf1 1-0

[Event "Tradewise Gibraltar Master 2015"]
[Site "Gibraltar ENG"]
[Date "2015.02.03"]
[Round "8.122"]
[White "Bouxo, Luis Antonio Maximi"]
[Black "Tveten, Per"]
[Result "0-1"]
[WhiteElo "1711"]
[BlackElo "1601"]
[PlyCount "60"]
[EventDate "2015.01.27"]
[EventType "swiss"]
[EventRounds "10"]
[EventCountry "ENG"]
[Source "lmi"]
[SourceDate "2015.01.27"]

1. d4 d5 2. c4 c6 3. e3 Bf5 4. Nc3 Nf6 5. Nf3 e6 6. Bd3 Ne4 7. O-O Bb4 8. Ne2
Nd7 9. Qb3 Qb6 10. c5 Ndxc5 11. Qc2 Nxd3 12. Qxd3 Ng3 13. Qd1 Nxf1 14. Kxf1 O-O
15. Ne5 Qc7 16. g4 f6 17. gxf5 fxe5 18. fxe6 Qd6 19. dxe5 Qxe6 20. f4 Qh3+ 21.
Kg1 Bc5 22. Ng3 Rxf4 23. Qc2 b6 24. b4 Rxb4 25. Bd2 Rc4 26. Qb2 Qg4 27. Rf1 Rf4
28. Re1 Raf8 29. Kh1 Rf2 30. Kg1 Qf3 0-1

[Event "Tradewise Gibraltar Master 2015"]
[Site "Gibraltar ENG"]
[Date "2015.02.04"]
[Round "9.2"]
[White "Howell, David W L"]
[Black "Naroditsky, Daniel"]
[Result "1-0"]
[WhiteElo "2670"]
[BlackElo "2622"]
[PlyCount "89"]
[EventDate "2015.01.27"]
[EventType "swiss"]
[EventRounds "10"]
[EventCountry "ENG"]
[Source "lmi"]
[SourceDate "2015.01.27"]

1. c4 e5 2. Nc3 Nf6 3. Nf3 Nc6 4. g3 d5 5. cxd5 Nxd5 6. Bg2 Nb6 7. O-O Be7 8.
a3 O-O 9. b4 Be6 10. d3 a5 11. b5 Nd4 12. Nxe5 Bf6 13. f4 Nb3 14. Be3 Nxa1 15.
Qxa1 Nd5 16. Bd4 Bxe5 17. Bxe5 f6 18. Nxd5 Bxd5 19. Bxc7 Qxc7 20. Bxd5+ Kh8 21.
Kg2 Qd7 22. Qa2 Qxb5 23. Rb1 Qc5 24. a4 Rab8 25. Rxb7 Qd4 26. Rxb8 Rxb8 27. Bc6
Qe3 28. Bf3 Qd4 29. Bc6 Qe3 30. Bf3 Qd4 31. h4 Qb4 32. Qc2 Qb3 33. Qc7 Qb6 34.
Qf7 Qd4 35. h5 Qd6 36. h6 Qf8 37. Qa7 gxh6 38. Qxa5 Qg7 39. Qf5 Rg8 40. g4 h5
41. Qxh5 Qd7 42. a5 f5 43. a6 fxg4 44. Qe5+ Rg7 45. Bd5 1-0

[Event "Tradewise Gibraltar Master 2015"]
[Site "Gibraltar ENG"]
[Date "2015.02.04"]
[Round "9.10"]
[White "Nakar, Eylon"]
[Black "Cheparinov, Ivan"]
[Result "1/2-1/2"]
[WhiteElo "2419"]
[BlackElo "2681"]
[PlyCount "128"]
[EventDate "2015.01.27"]
[EventType "swiss"]
[EventRounds "10"]
[EventCountry "ENG"]
[Source "lmi"]
[SourceDate "2015.01.27"]

1. e4 c5 2. Nf3 d6 3. Bb5+ Nd7 4. d4 cxd4 5. Qxd4 a6 6. Bxd7+ Bxd7 7. c4 Nf6 8.
Nc3 g6 9. O-O Bg7 10. Bd2 O-O 11. Qd3 b5 12. Rfe1 bxc4 13. Qxc4 Qb6 14. Rab1
Rfc8 15. Qd3 Qb7 16. h3 Rab8 17. b3 Be8 18. Rbc1 Nd7 19. Bg5 Nc5 20. Qe3 e6 21.
Bf4 e5 22. Bh6 Bxh6 23. Qxh6 Bc6 24. Qe3 Qe7 25. Qd2 Kg7 26. Rcd1 Rd8 27. Nh2
h5 28. Nf1 Qb7 29. f3 Ne6 30. Ne3 Rbc8 31. Kh2 Qb4 32. Ncd5 Qxd2 33. Rxd2 Nd4
34. Nb4 Bb7 35. Nbc2 Nxc2 36. Nxc2 f5 37. Na3 fxe4 38. fxe4 Kf6 39. Nc4 Ke6 40.
Red1 Rc6 41. h4 Bc8 42. Rd5 Rd7 43. R1d2 Ke7 44. R2d3 Rdc7 45. Nxd6 Be6 46. Nc4
Bxd5 47. exd5 Rd6 48. Nxd6 Kxd6 49. Kg3 Rc2 50. a3 Ra2 51. b4 e4 52. Rd4 Rxa3+
53. Kf4 e3 54. Kf3 Ra2 55. Re4 Kxd5 56. Rxe3 Ra4 57. Rd3+ Kc6 58. Rc3+ Kb7 59.
Rb3 Kb6 60. g4 Kb5 61. Re3 hxg4+ 62. Kxg4 Rxb4+ 63. Kg5 a5 64. Rh3 a4 1/2-1/2

[Event "Tradewise Gibraltar Master 2015"]
[Site "Gibraltar ENG"]
[Date "2015.02.04"]
[Round "9.12"]
[White "Rodshtein, Maxim"]
[Black "Ganguly, Surya Shekhar"]
[Result "1/2-1/2"]
[WhiteElo "2680"]
[BlackElo "2595"]
[PlyCount "75"]
[EventDate "2015.01.27"]
[EventType "swiss"]
[EventRounds "10"]
[EventCountry "ENG"]
[Source "lmi"]
[SourceDate "2015.01.27"]

1. c4 g6 2. Nc3 c5 3. g3 Bg7 4. Bg2 Nc6 5. Nf3 e6 6. d4 cxd4 7. Nb5 d5 8. cxd5
exd5 9. O-O Nge7 10. Nbxd4 O-O 11. Be3 Re8 12. Qd2 Nf5 13. Nxf5 Bxf5 14. Rac1
Be4 15. Rfd1 d4 16. Bh6 Qd5 17. Bxg7 Kxg7 18. b4 a5 19. b5 Qxb5 20. Nxd4 Qa4
21. Qb2 Kg8 22. Bxe4 Rxe4 23. Qxb7 Rb8 24. Qxc6 Rxd4 25. Rxd4 Qxd4 26. Kg2 h5
27. Rc5 Qd2 28. a4 h4 29. Qe4 hxg3 30. hxg3 Qb4 31. Qe5 Ra8 32. Qd5 Re8 33. Rc7
Qe4+ 34. Qxe4 Rxe4 35. Kf3 Rxa4 36. Ra7 Kg7 37. Ra6 f5 38. Ke3 1/2-1/2

[Event "Tradewise Gibraltar Master 2015"]
[Site "Gibraltar ENG"]
[Date "2015.02.04"]
[Round "9.13"]
[White "Felgaer, Ruben"]
[Black "Motylev, Alexander"]
[Result "1-0"]
[WhiteElo "2575"]
[BlackElo "2665"]
[PlyCount "56"]
[EventDate "2015.01.27"]
[EventType "swiss"]
[EventRounds "10"]
[EventCountry "ENG"]
[Source "lmi"]
[SourceDate "2015.01.27"]

1. e4 c6 2. d4 d5 3. e5 Bf5 4. Be3 e6 5. Nd2 Ne7 6. c3 h6 7. Ne2 Bh7 8. g4 h5
9. gxh5 Nf5 10. Ng3 Nxe3 11. fxe3 f6 12. Qg4 Qe7 13. Bh3 Bg8 14. Nf3 f5 15. Qh4
Bf7 16. Ng5 Bxh5 17. Bxf5 exf5 18. Nxf5 Qd8 19. O-O Kd7 20. Ng3 Qe8 21. Qh3+
Ke7 22. Nxh5 Qxh5 23. Qe6+ Kd8 24. Nf7+ Kc7 25. Nxh8 Qxh8 26. Rf7+ Kb6 27. Qc8
Nd7 28. Qxd7 Ka5 1-0

[Event "Tradewise Gibraltar Master 2015"]
[Site "Gibraltar ENG"]
[Date "2015.02.04"]
[Round "9.14"]
[White "Lalith, Babu M.R"]
[Black "Iturrizaga Bonelli, Eduardo"]
[Result "0-1"]
[WhiteElo "2537"]
[BlackElo "2649"]
[PlyCount "112"]
[EventDate "2015.01.27"]
[EventType "swiss"]
[EventRounds "10"]
[EventCountry "ENG"]
[Source "lmi"]
[SourceDate "2015.01.27"]

1. d4 e6 2. Nf3 c5 3. c4 Nf6 4. Nc3 cxd4 5. Nxd4 Nc6 6. g3 Bc5 7. Nb3 Be7 8.
Bg2 O-O 9. O-O d6 10. Nd4 Bd7 11. b3 Qa5 12. Bb2 Rfd8 13. e4 a6 14. Re1 Ne5 15.
Qe2 Rac8 16. Rac1 Bf8 17. Red1 Ng6 18. Qd2 Qh5 19. h3 Qc5 20. Nce2 Qa7 21. a4
Qb8 22. Nc3 h5 23. Nde2 e5 24. Ba3 Bc6 25. Bb4 h4 26. Ba5 b6 27. Bb4 hxg3 28.
fxg3 b5 29. cxb5 axb5 30. a5 d5 31. Nxd5 Bxd5 32. exd5 Rxc1 33. Rxc1 e4 34.
Bxf8 Rxd5 35. Qe3 Nxf8 36. a6 Rd7 37. Ra1 Qe5 38. Qc3 Qd6 39. Qd4 Qe7 40. a7
Rxd4 41. Nxd4 Qc5 42. a8=Q Qxd4+ 43. Kh2 Nh5 44. Rf1 Qd6 45. Qe8 Qxg3+ 46. Kh1
Qxb3 47. Ra1 Qb2 48. Ra8 Qc1+ 49. Kh2 Qc7+ 50. Kg1 Qc5+ 51. Kh2 Qd6+ 52. Kg1
Qc5+ 53. Kh2 Nf6 54. Qd8 e3 55. Qd3 Qe5+ 56. Kg1 e2 0-1

[Event "Tradewise Gibraltar Master 2015"]
[Site "Gibraltar ENG"]
[Date "2015.02.04"]
[Round "9.16"]
[White "Venkatesh, M.R."]
[Black "Bartel, Mateusz"]
[Result "0-1"]
[WhiteElo "2460"]
[BlackElo "2631"]
[PlyCount "96"]
[EventDate "2015.01.27"]
[EventType "swiss"]
[EventRounds "10"]
[EventCountry "ENG"]
[Source "lmi"]
[SourceDate "2015.01.27"]

1. Nf3 d5 2. c4 c6 3. g3 g6 4. Bg2 Bg7 5. O-O e5 6. Na3 Ne7 7. d3 O-O 8. Rb1 h6
9. b4 Be6 10. Qc2 Nd7 11. b5 c5 12. cxd5 Nxd5 13. Bd2 e4 14. Ne1 Nb4 15. Bxb4
cxb4 16. Rxb4 Qe7 17. Qd2 Rfc8 18. Nc4 exd3 19. exd3 Nb6 20. Nc2 Nxc4 21. dxc4
Bxc4 22. Rd1 Bxa2 23. Re4 Qc5 24. Ne3 Be6 25. Qb4 Qxb4 26. Rxb4 Bf8 27. Rbb1
Rab8 28. Nd5 Kg7 29. b6 axb6 30. Nxb6 Rd8 31. Rdc1 Ba3 32. Rc3 Bf5 33. Rf1 Bb4
34. Rb3 Bd2 35. h4 Rd4 36. Ra1 Rb4 37. Rxb4 Bxb4 38. Ra8 Rxa8 39. Nxa8 Ba5 40.
Bxb7 Kf6 41. Kg2 Ke5 42. Kf3 h5 43. Ke3 Bd7 44. Be4 Kd6 45. f4 f5 46. Bg2 Bb5
47. Bf3 Bb4 48. Bb7 Bc5+ 0-1

[Event "Tradewise Gibraltar Master 2015"]
[Site "Gibraltar ENG"]
[Date "2015.02.04"]
[Round "9.17"]
[White "Salgado Lopez, Ivan"]
[Black "Xu, Jun"]
[Result "1/2-1/2"]
[WhiteElo "2628"]
[BlackElo "2523"]
[PlyCount "115"]
[EventDate "2015.01.27"]
[EventType "swiss"]
[EventRounds "10"]
[EventCountry "ENG"]
[Source "lmi"]
[SourceDate "2015.01.27"]

1. d4 Nf6 2. c4 e6 3. g3 Bb4+ 4. Bd2 a5 5. Bg2 d6 6. Nc3 e5 7. a3 Bxc3 8. Bxc3
exd4 9. Qxd4 O-O 10. Qh4 Nbd7 11. Nh3 Re8 12. Nf4 Ne5 13. O-O Qe7 14. Rad1 h6
15. Nd3 Neg4 16. h3 g5 17. Bxf6 Qxf6 18. Qh5 Ne5 19. f4 Qg6 20. Qxg6+ Nxg6 21.
c5 gxf4 22. cxd6 cxd6 23. Nxf4 Nxf4 24. Rxf4 Rxe2 25. Rxd6 Be6 26. Rf2 Rxf2 27.
Kxf2 Rc8 28. Be4 Bxh3 29. Rb6 Re8 30. Bf3 Re5 31. Rxb7 Be6 32. b4 axb4 33. axb4
Rf5 34. Rb8+ Kg7 35. Ke3 Re5+ 36. Kd4 Rg5 37. b5 Rxg3 38. Bc6 Rg4+ 39. Kc5 Rc4+
40. Kd6 Rd4+ 41. Kc7 Bd5 42. Rd8 Bxc6 43. bxc6 Rb4 44. Rd5 Kg6 45. Kd6 Rb6 46.
Kd7 h5 47. c7 Rb7 48. Rc5 h4 49. Kd6 Rxc7 50. Rxc7 Kg5 51. Ke5 h3 52. Rc8 Kg4
53. Ke4 h2 54. Rh8 Kg3 55. Ke3 Kg2 56. Rg8+ Kf1 57. Rh8 Kg2 58. Rg8+ 1/2-1/2

[Event "Tradewise Gibraltar Master 2015"]
[Site "Gibraltar ENG"]
[Date "2015.02.04"]
[Round "9.18"]
[White "Bologan, Viktor"]
[Black "Kuipers, Stefan"]
[Result "0-1"]
[WhiteElo "2608"]
[BlackElo "2390"]
[PlyCount "66"]
[EventDate "2015.01.27"]
[EventType "swiss"]
[EventRounds "10"]
[EventCountry "ENG"]
[Source "lmi"]
[SourceDate "2015.01.27"]

1. e4 d6 2. d4 Nf6 3. Nc3 e5 4. Nf3 Nbd7 5. Bc4 Be7 6. g4 Nb6 7. Be2 Bxg4 8.
Rg1 Bxf3 9. Bxf3 Nfd7 10. Rxg7 Bf6 11. Rg2 exd4 12. Nd5 Nxd5 13. exd5 Qe7+ 14.
Kf1 O-O-O 15. c3 dxc3 16. bxc3 Bxc3 17. Rb1 Ba5 18. a4 Rhg8 19. Rg3 Qh4 20. Qd3
Rxg3 21. hxg3 Qxa4 22. Qxh7 Ne5 23. Be4 Bb6 24. Bb2 Kb8 25. Bxe5 dxe5 26. Kg2
Qd7 27. Rb3 f6 28. Qg6 Rf8 29. Rf3 Qd6 30. g4 Bc5 31. Rh3 a5 32. Rh7 a4 33. Qf5
a3 0-1

[Event "Tradewise Gibraltar Master 2015"]
[Site "Gibraltar ENG"]
[Date "2015.02.04"]
[Round "9.20"]
[White "Anton Guijarro, David"]
[Black "Svane, Rasmus"]
[Result "1-0"]
[WhiteElo "2617"]
[BlackElo "2496"]
[PlyCount "85"]
[EventDate "2015.01.27"]
[EventType "swiss"]
[EventRounds "10"]
[EventCountry "ENG"]
[Source "lmi"]
[SourceDate "2015.01.27"]

1. d4 Nf6 2. c4 g6 3. Nc3 d5 4. cxd5 Nxd5 5. Bd2 Bg7 6. e4 Nxc3 7. Bxc3 O-O 8.
Qd2 c5 9. d5 e6 10. Bc4 exd5 11. Bxd5 Nd7 12. Bxg7 Kxg7 13. h4 h5 14. Nh3 Nb6
15. Nf4 Qf6 16. O-O-O Bd7 17. Bxb7 Rab8 18. Nd5 Nxd5 19. Bxd5 Rb6 20. Qc3 Qxc3+
21. bxc3 Ba4 22. Rde1 Rfb8 23. Kd2 Rb2+ 24. Ke3 Rc2 25. Rc1 Rxc1 26. Rxc1 Rb2
27. g3 a6 28. f3 Bb5 29. Kf4 a5 30. a3 Kf6 31. Re1 Bd7 32. Rd1 Ba4 33. Rd3 Ke7
34. Kg5 Bb5 35. Re3 a4 36. f4 Rb3 37. f5 f6+ 38. Kxg6 Rxa3 39. e5 fxe5 40. Kg7
Kd6 41. f6 Be8 42. f7 Bxf7 43. Bxf7 1-0

[Event "Tradewise Gibraltar Master 2015"]
[Site "Gibraltar ENG"]
[Date "2015.02.04"]
[Round "9.22"]
[White "Salem, A.R. Saleh"]
[Black "Tari, Aryan"]
[Result "1/2-1/2"]
[WhiteElo "2603"]
[BlackElo "2487"]
[PlyCount "76"]
[EventDate "2015.01.27"]
[EventType "swiss"]
[EventRounds "10"]
[EventCountry "ENG"]
[Source "lmi"]
[SourceDate "2015.01.27"]

1. c4 e5 2. Nc3 Nf6 3. g3 c6 4. d4 exd4 5. Qxd4 d5 6. Bg2 Be6 7. cxd5 cxd5 8.
Nf3 Nc6 9. Qa4 Bc5 10. O-O O-O 11. Ng5 Qb6 12. Qh4 Qb4 13. Qxb4 Nxb4 14. Bd2
Rac8 15. Rac1 Be7 16. Nxe6 fxe6 17. Bh3 Kf7 18. Nb5 Nc6 19. Bf4 Rfd8 20. Rfd1
Nh5 21. Be3 a6 22. Nd4 Nxd4 23. Bxd4 Nf6 24. f3 Rc4 25. b3 Rcc8 26. Bb6 Re8 27.
e4 dxe4 28. fxe4 Ba3 29. Rc7+ Rxc7 30. Bxc7 Rc8 31. Bb6 Rc2 32. Rd8 Be7 33. Rd1
Rxa2 34. e5 Nd5 35. Rf1+ Ke8 36. Ba7 Nc7 37. Rc1 Kd7 38. Rd1+ Kc6 1/2-1/2

[Event "Tradewise Gibraltar Master 2015"]
[Site "Gibraltar ENG"]
[Date "2015.02.04"]
[Round "9.23"]
[White "Grandelius, Nils"]
[Black "Javakhishvili, Lela"]
[Result "1/2-1/2"]
[WhiteElo "2602"]
[BlackElo "2486"]
[PlyCount "67"]
[EventDate "2015.01.27"]
[EventType "swiss"]
[EventRounds "10"]
[EventCountry "ENG"]
[Source "lmi"]
[SourceDate "2015.01.27"]

1. e4 c5 2. Nf3 e6 3. d4 cxd4 4. Nxd4 a6 5. Bd3 Nf6 6. O-O e5 7. Bg5 h6 8. Bxf6
Qxf6 9. Nf5 g6 10. Ne3 Bc5 11. Nc3 d6 12. Ncd5 Qd8 13. b4 Ba7 14. c3 Be6 15.
Bc2 O-O 16. Qd2 Nd7 17. Rad1 Rc8 18. Bb3 b5 19. Kh1 Qg5 20. g3 Kh7 21. Qd3 h5
22. Qd2 Bh3 23. Rg1 Kg7 24. Rde1 Bg4 25. Bd1 Be6 26. f4 exf4 27. gxf4 Qh4 28.
Rg3 Rfe8 29. Bxh5 Bxd5 30. exd5 Nf6 31. Bg4 Rc7 32. Nd1 Ree7 33. Re2 Rxe2 34.
Qxe2 1/2-1/2